000 00332nam a2200133Ia 4500
005 20260328104317.0
008 260328s9999||||xx |||||||||||||| ||und||
100 _aFinke, Gail
245 0 _aCreative Edge :
_b Brochures /
_cGail Finke
260 _bNorth Light Books
300 _a159 p.
650 _aDISEÑO GRÁFICO
942 _cBK
999 _c11203
_d11203